• 首页
  • 本馆介绍
  • 公告通知
  • 最新文献
  • 馆藏检索
  • 电子资源
  • 读者导购
  • 参考咨询
  • 我的图书馆
  • 登录
  • 详细信息显示
  • 放入我的书架
  • 预约/预借图书
  • 作者相关作品
  • 分类相关作品
  • 丛书相关作品
  • 出版社相关作品

书目信息

  • 表格格式
  • 工作单格式
  • 卡片格式
题名:
国土规划的理论与方法
    
 
作者: 吴次芳 , 潘文灿 编著
分册:  
出版信息: 北京   科学出版社  2003
页数: 452页
开本: 24cm
丛书名:
单 册:
中图分类: F129.9 , F205
科图分类:
主题词: 国土规划--研究--中国 , 国土规划 , 国民经济--经济管理
电子资源:
ISBN: 7-03-011575-9
000 01019nam0 2200289 450
000 00969nam0 2200265 450
000 00900nam0 2200241 450
000 00864nam0 2200229 45
005 20070525124926.71
010    @a7-03-011575-9@dCNY49.00
100    @a19961012d1996 ekmy0chiy0120 ea
101 0  @achi
102    @aCN@b110000
105    @ay z 000yy
200 1  @a国土规划的理论与方法@AGuo Tu Gui Hua De Li Lun Yu Fang Fa@f吴次芳,潘文灿等编著@FWu Ci Fang, Pan Wen Can Deng Bian Zhu
210    @a北京@c科学出版社@d2003
215    @a452页@d24cm
330    @a本书结合国内外的国土理论和实践,详细论述了国土规划的理论基础,开展了国土规划的战略分析、国土规划的指标测度、高新技术在国土规划中的应用等方面的研究等内容。
606 0  @a国土规划@x研究@y中国
606 0  @a国土规划
606 0  @a国民经济@x经济管理
690    @aF129.9@v4
690    @aF205@v3
701  0 @a吴次芳@AWu Ci Fang@4编著
701  0 @a潘文灿@APan Wen Can@c(国土规划)@4编著
801  0 @aCN@bTAOJIN@c20070525
905    @a10447@dF205@e57
    
    国土规划的理论与方法/吴次芳,潘文灿等编著.-北京:科学出版社,2003
    452页;24cm
    
    
    ISBN 7-03-011575-9:CNY49.00
    本书结合国内外的国土理论和实践,详细论述了国土规划的理论基础,开展了国土规划的战略分析、国土规划的指标测度、高新技术在国土规划中的应用等方面的研究等内容。
●
相关链接 在E读中查询图书 在五车中查询图书 在当当中查询图书 在豆瓣中查询图书


正题名:国土规划的理论与方法     索取号:F205/57         预约/预借

序号 登录号 条形码 馆藏地/架位号 状态 备注
1 0522514   205225148   第一样本阅览室/ [索取号:F205/57] 在馆    
2 0522515   205225157   第一借阅区/ [索取号:F205/57] 在馆    
3 0522516   205225166   第一借阅区/ [索取号:F205/57] 在馆    
4 0522517   205225175   第一借阅区/ [索取号:F205/57] 在馆    
唐山师范学院图书馆 欢迎您!
大连网信软件有限公司© 版权所有